| 000 | 00971nam a2200253 i 4500 | ||
|---|---|---|---|
| 003 | EG-ScBUE | ||
| 005 | 20240312115110.0 | ||
| 008 | 090625s2008 ua ab f b 000 0 eng d | ||
| 020 | _a9789774161537 | ||
| 040 |
_aEG-ScBUE _beng _erda _cEG-ScBUE _dEG-ScBUE |
||
| 082 | 0 | 4 |
_222 _a916.2160455 _bLAB |
| 100 | 1 |
_aLababidi, Lesley Kitchen. _qLesley Kitchen Lababidi, _eauthor. _96998 |
|
| 245 | 1 | 0 |
_aCairo's street stories : _bExploring the city's statues, squares, bridges, gardens, and sidewalk cafes / _cLesley Lababidi. |
| 264 | 1 |
_aCairo : _bThe American University in Egypt, _c2008. |
|
| 300 |
_ax, 141 pages : _bcolor illustrations, maps ; _c24 cm |
||
| 336 |
_2rdacontent _atext _btxt |
||
| 337 |
_aunmediated _2rdamedia _bn |
||
| 338 |
_avolume _bnc _2rdacarrier |
||
| 504 | _aIncludes bibliographical references. | ||
| 651 | 7 |
_2BUEsh _aCairo (Egypt) _xGuidebooks. |
|
| 651 | 7 |
_2BUEsh _aCairo (Egypt) _xDescription and travel. |
|
| 655 | _vReading book | ||
| 942 |
_2ddc _cBB |
||
| 999 |
_c12048 _d12048 |
||